Top footballers in the world- Part 3 - Statistics

General Stats
  • This quiz has been taken 9 times
  • The average score is 2 of 18
Answer Stats
OVA Hint Answer Country of birth Country he plays for % Correct
85 Left country of birth at age 18, played 2 friendlies for his country of birth but decided to change alliances Diego Costa Brazil Spain
40%
87 Sent by his mother out of his home country to live with relatives and escape poverty Samuel Umtiti Cameroon France
40%
88 Son of immigrants living temporarily in his birth country due to football ties Gonzalo Higuain France Argentina
20%
87 His family moved out of their home country fearing the drums of war Ivan Rakitic Switzerland Croatia
20%
84 Moved overseas at age 15 and claimed his grandfather's citizenship Jorginho Brazil Italy
20%
86 Has never lived in the country he represents, captained the team with more "foreigners" in the 2018 World Cup Medhi Benatia France Morocco
20%
87 Has never lived in the country he represents, but his dad was a famous footballer in that country Pierre-Emerick Aubameyang France Gabon
20%
85 Lived in his country of birth his first 5 years, father murdered when he was 2, moved overseas with his mom Raheem Sterling Jamaica England
20%
86 Born overseas to a World Cup champion, moved to another country at age 5 Thiago Alcantara Italy Spain
20%
85 Son of immigrants living in his country of birth permanently Yacine Brahimi France Algeria
20%
84 Has never lived in the country he represents, even though it's not far away Anthony Lopes France Portugal
0%
87 Son of immigrants living in his country of birth permanently Kalidou Koulibaly France Senegal
0%
84 Moved to his adopted Nordic country as a child Lukas Hradecky Slovakia Finland
0%
85 Left country of birth at age 18, felt unrecognized by country of birth, probably one of the most hated footballers ever Pepe Brazil Portugal
0%
85 Son of permanent immigrants, but spent his holidays in the country he represents Riyad Mahrez France Algeria
0%
84 Moved overseas when his father opened a football school Rodrigo Brazil Spain
0%
85 Son of immigrants living temporarily in his birth country due to football ties Segej Milinkovic-Savic Spain Serbia
0%
84 Moved overseas as a child, discovered while playing soccer in the streets in his adopted country William Carvalho Angola Portugal
0%
No matching quizzes found
Score Distribution
Percent of People with Each Score
Percentile by Number Answered
Your Score History
You have not taken this quiz